[Event "Rated Blitz tournament 4YnQD4Fy"]
[Site "?"]
[Date "2021.01.05"]
[Round "?"]
[White "Gobindo"]
[Black "Aduna"]
[Result "1-0"]
[WhiteElo "2515"]
[BlackElo "2301"]
[PlyCount "115"]
[EventDate "2021.??.??"]
[EventType "blitz"]

1. e4 e5 2. Nf3 d5 3. Nxe5 Bd6 4. d4 dxe4 5. Nc3 Bxe5 6. dxe5 Qxd1+ 7. Kxd1 Nc6
8. Bf4 Bf5 9. Bc4 Nge7 10. h3 O-O-O+ 11. Kc1 Ng6 12. Bg5 Rde8 13. Bxf7 Rxe5 14.
Be3 Rf8 15. Bc4 Ree8 16. b3 Nge5 17. Be2 h6 18. Kb2 Rd8 19. Rad1 Rxd1 20. Rxd1
Rd8 21. Rxd8+ Kxd8 22. Nd5 a6 23. c4 Be6 24. Kc3 Kd7 25. Bd1 Kd6 26. Nf4 Bf5
27. Bc2 g5 28. Nd5 Nd3 29. Bxd3 exd3 30. f4 b5 31. fxg5 hxg5 32. Bxg5 bxc4 33.
bxc4 d2 34. Bxd2 Kc5 35. Be3+ Kd6 36. Bf4+ Kc5 37. Nxc7 Na5 38. Nxa6+ Kb6 39.
Nb4 Kc5 40. g4 Be6 41. Be3+ Kd6 42. c5+ Ke5 43. Bd4+ Ke4 44. c6 Bd5 45. c7 Be6
46. g5 Nb7 47. g6 Nd6 48. g7 Bg8 49. Nc2 Nc8 50. Kb4 Kd5 51. Ka5 Kc6 52. Nb4+
Kxc7 53. Nd5+ Kd7 54. Nf6+ Ke7 55. Nxg8+ Kf7 56. Nh6+ Ke6 57. g8=Q+ Kd6 58.
Qxc8 {Time forfeit} 1-0

[Event "Rated Blitz game"]
[Site "?"]
[Date "2021.01.05"]
[Round "?"]
[White "Davigator"]
[Black "emiliofelixramirez"]
[Result "0-1"]
[WhiteElo "2358"]
[BlackElo "2405"]
[PlyCount "82"]
[EventDate "2021.??.??"]
[EventType "blitz"]

1. e4 e5 2. Nf3 d5 3. Nxe5 Bd6 4. d4 dxe4 5. Nc4 Nf6 6. Be2 O-O 7. Be3 Nc6 8.
Nc3 Bf5 9. Qd2 a6 10. a4 Re8 11. h3 Bg6 12. g4 Nb4 13. h4 h5 14. gxh5 Nxh5 15.
Nxd6 Qxd6 16. O-O-O b5 17. a5 Nd5 18. Nxd5 Qxd5 19. Kb1 b4 20. Qxb4 Reb8 21.
Qa3 Nf6 22. c4 Qd7 23. h5 Bf5 24. h6 g6 25. h7+ Nxh7 26. d5 f6 27. Qc3 Qe7 28.
Bd4 Rb7 29. Kc1 Rab8 30. Rd2 Rb4 31. Bd1 Qd6 32. b3 Qf4 33. Kb2 e3 34. fxe3 Qe4
35. Bc2 Qxh1 36. Bxf5 gxf5 37. Bxf6 Rxb3+ 38. Qxb3 Rxb3+ 39. Kxb3 Nxf6 40. c5
Nxd5 41. Kc4 Nxe3+ {Normal} 0-1

[Event "Rated Blitz game"]
[Site "?"]
[Date "2021.01.05"]
[Round "?"]
[White "The_bilb"]
[Black "geptil"]
[Result "1-0"]
[WhiteElo "2516"]
[BlackElo "2359"]
[PlyCount "139"]
[EventDate "2021.??.??"]
[EventType "blitz"]

1. e4 e5 2. Nf3 d5 3. Nxe5 Bd6 4. d4 dxe4 5. Bc4 Bxe5 6. Qh5 Qe7 7. Qxe5 Qxe5
8. dxe5 Ne7 9. Nc3 O-O 10. Bf4 Ng6 11. Bg3 h5 12. h4 Nc6 13. O-O-O Ncxe5 14.
Bb3 Bf5 15. Rhe1 Rfe8 16. Nxe4 Bxe4 17. Rxe4 Kf8 18. Red4 f6 19. f4 Nc6 20. Rd7
Re7 21. f5 Nge5 22. Be6 Nxd7 23. Bxd7 Ne5 24. Be6 g6 25. Bf2 b6 26. Be3 Kg7 27.
Bf4 Rae8 28. b3 gxf5 29. Bxf5 Ng4 30. Kb2 Ne3 31. Bxe3 Rxe3 32. Rd7+ R8e7 33.
Rd8 Rg3 34. Ra8 a5 35. Bd3 Rxg2 36. a3 Rg4 37. b4 axb4 38. axb4 Rxb4+ 39. Kc3
Rxh4 40. Rd8 Rg4 41. Rd5 Rg5 42. Rd4 c5 43. Rf4 Rg4 44. Rf5 h4 45. Rh5 Rg5 46.
Rxh4 Ree5 47. Rh7+ Kf8 48. Rb7 c4 49. Bxc4 b5 50. Bd3 Rc5+ 51. Kb4 Rcd5 52.
Bxb5 Rd4+ 53. c4 Rg1 54. Rb8+ Ke7 55. Rb7+ Kd6 56. Rb6+ Ke5 57. Rc6 Rb1+ 58.
Kc5 Rd2 59. Rc7 Rc2 60. Re7+ Kf4 61. Rd7 f5 62. Rd4+ Ke3 63. Rd5 f4 64. Kd6 Kf2
65. Re5 f3 66. Rf5 Re2 67. Bc6 Rd1+ 68. Kc7 Re3 69. Bxf3 Rxf3 70. Rc5 {Time
forfeit} 1-0

[Event "Rated Blitz game"]
[Site "?"]
[Date "2021.01.05"]
[Round "?"]
[White "GrigorGrigorov"]
[Black "Jomajo"]
[Result "0-1"]
[WhiteElo "2705"]
[BlackElo "2570"]
[PlyCount "144"]
[EventDate "2021.??.??"]
[EventType "blitz"]

1. e4 e5 2. Nf3 d5 3. Nxe5 Bd6 4. d4 dxe4 5. Nc4 Nf6 6. Bg5 h6 7. Bxf6 Qxf6 8.
Nc3 Bf5 9. Nd5 Qd8 10. Nde3 Bg6 11. c3 O-O 12. Qb3 Nd7 13. Nxd6 cxd6 14. h4 b6
15. Bc4 Rc8 16. h5 Bh7 17. Rh3 Nf6 18. O-O-O Qd7 19. g4 Nxg4 20. Rg3 Nf6 21.
Be2 Kh8 22. Rdg1 Rg8 23. Kb1 d5 24. Ka1 Bf5 25. Qd1 Be6 26. Qd2 Kh7 27. Ng2 b5
28. Nh4 b4 29. cxb4 Qd6 30. a3 Rc7 31. Bd1 Qe7 32. Ng2 Rgc8 33. Ne3 Ne8 34. Bb3
Qd7 35. Ka2 f5 36. Rg6 Bf7 37. Ng2 Bxg6 38. hxg6+ Kh8 39. Nf4 Nf6 40. Rh1 Kg8
41. Qe2 Kf8 42. Qa6 Rc6 43. Qa5 R8c7 44. Ba4 Qd6 45. Bxc6 Qxc6 46. Qxc7 Qxc7
47. Ne6+ Ke7 48. Nxc7 Kd7 49. Nb5 a6 50. Nc3 Kd6 51. Ne2 Ng4 52. Nf4 Nxf2 53.
Rxh6 Ke7 54. Rh8 e3 55. Rg8 Kf6 56. Nxd5+ Kxg6 57. Nxe3 Kf7 58. Ra8 g6 59. Ra7+
Kf6 60. Nc4 f4 61. Ne5 g5 62. Rf7+ Ke6 63. Rf8 Ne4 64. Kb3 Nd6 65. Nd3 Kd5 66.
Nc5 Nb5 67. Rd8+ Kc6 68. a4 Kc7 69. Kc4 Kxd8 70. axb5 f3 71. Ne4 f2 72. Nxf2
axb5+ {Time forfeit} 0-1

[Event "Rated Rapid game"]
[Site "?"]
[Date "2021.01.05"]
[Round "?"]
[White "Alpago_G"]
[Black "bcnv"]
[Result "0-1"]
[WhiteElo "2509"]
[BlackElo "2410"]
[PlyCount "96"]
[EventDate "2021.??.??"]
[EventType "rapid"]

1. e4 e5 2. Nf3 d5 3. d4 dxe4 4. Nxe5 Bd6 5. Nc4 Nf6 6. Bg5 O-O 7. Be2 Nc6 8.
c3 Be7 9. Nbd2 Nd5 10. Bxe7 Qxe7 11. O-O f5 12. Ne3 Be6 13. Nxd5 Bxd5 14. Bc4
Bxc4 15. Nxc4 Kh8 16. f3 e3 17. Qd3 f4 18. Qe4 Qf7 19. Ne5 Nxe5 20. dxe5 Rae8
21. Qxb7 Rxe5 22. Qxa7 Rg5 23. Rae1 Rd8 24. Qa6 Rg6 25. Qb5 Rb6 26. Qg5 Rdd6
27. Re2 h6 28. Qe5 Qc4 29. Qe8+ Kh7 30. Qe4+ Qxe4 31. fxe4 Rd2 32. Rxd2 exd2
33. Rd1 Rxb2 34. Kf2 Rxa2 35. Ke2 g5 36. Rxd2 Rxd2+ 37. Kxd2 Kg7 38. Kd3 Kf6
39. Kd4 Ke6 40. e5 h5 41. Ke4 h4 42. h3 c6 43. Kd4 Kf5 44. c4 Ke6 45. Kc5 g4
46. Kd4 f3 47. Ke3 fxg2 48. Kf2 gxh3 {Normal} 0-1

[Event "Rated Blitz game"]
[Site "?"]
[Date "2021.01.05"]
[Round "?"]
[White "Pelzigeachsel"]
[Black "Jomajo"]
[Result "1/2-1/2"]
[WhiteElo "2416"]
[BlackElo "2577"]
[PlyCount "126"]
[EventDate "2021.??.??"]
[EventType "blitz"]

1. e4 e5 2. Nf3 d5 3. exd5 e4 4. Qe2 Qe7 5. Nd4 Qe5 6. Nb3 Nf6 7. Nc3 Bd6 8. d4
exd3 9. Qxe5+ Bxe5 10. Bxd3 Bxc3+ 11. bxc3 Nxd5 12. Bd2 O-O 13. O-O Nd7 14. Nd4
c6 15. Rfe1 N7f6 16. Rab1 Nb6 17. Bg5 h6 18. Bxf6 gxf6 19. c4 Rd8 20. Re4 Na4
21. Rbe1 Kf8 22. Rf4 Rd6 23. g3 Bd7 24. Rh4 Kg7 25. Ree4 Nc5 26. Ref4 Rd8 27.
Be2 Bc8 28. c3 Na4 29. Bg4 Nxc3 30. Bxc8 Rxd4 31. Rxd4 Rxd4 32. Rxd4 Ne2+ 33.
Kf1 Nxd4 34. Bxb7 c5 35. Ke1 f5 36. Kd2 Kf6 37. Ke3 Ke5 38. h4 Nc2+ 39. Kd2 Nd4
40. Ke3 Ne6 41. Bd5 Kf6 42. Bxe6 fxe6 43. Kf4 e5+ 44. Ke3 h5 45. f3 Ke6 46. Kd3
Kd6 47. Ke3 Kc6 48. Kd3 a6 49. a4 Kd6 50. a5 Ke6 51. Ke3 Kf6 52. Kd3 Kg6 53. f4
e4+ 54. Ke3 Kf6 55. Ke2 Ke6 56. Ke3 Kd6 57. Ke2 Ke6 58. Ke3 Kd7 59. Ke2 Kc6 60.
Ke3 Kc7 61. Ke2 Kc6 62. Ke3 Kc7 63. Ke2 Kc6 {Normal} 1/2-1/2

[Event "Rated Rapid game"]
[Site "?"]
[Date "2021.01.05"]
[Round "?"]
[White "arrslan"]
[Black "bcnv"]
[Result "0-1"]
[WhiteElo "2326"]
[BlackElo "2402"]
[PlyCount "52"]
[EventDate "2021.??.??"]
[EventType "rapid"]

1. e4 e5 2. Nf3 d5 3. Nxe5 Bd6 4. d4 dxe4 5. Nc4 Nf6 6. Nxd6+ Qxd6 7. Be2 O-O
8. O-O Nc6 9. c3 Bf5 10. Na3 Nd5 11. c4 Nf4 12. d5 Nd4 13. Bxf4 Nxe2+ 14. Qxe2
Qxf4 15. h3 Rfe8 16. Nc2 Qe5 17. Ne3 Bg6 18. Rac1 f5 19. b4 f4 20. Ng4 Qg5 21.
f3 h5 22. Nf2 exf3 23. Qxf3 Re3 24. Qd1 f3 25. g4 Qh4 26. Kh2 hxg4 {Normal} 0-1

[Event "Rated Rapid game"]
[Site "?"]
[Date "2021.01.05"]
[Round "?"]
[White "Sammeister"]
[Black "grm142"]
[Result "1-0"]
[WhiteElo "2407"]
[BlackElo "2327"]
[PlyCount "67"]
[EventDate "2021.??.??"]
[EventType "rapid"]

1. e4 e5 2. Nf3 d5 3. Nxe5 Bd6 4. d4 dxe4 5. Bc4 Bxe5 6. dxe5 Qxd1+ 7. Kxd1 Nc6
8. Bf4 Nge7 9. Nd2 Ng6 10. Bg3 Bf5 11. f3 exf3 12. Nxf3 O-O-O+ 13. Kc1 Rd7 14.
b3 Re8 15. Re1 Rde7 16. Kb2 Ngxe5 17. Nxe5 Nxe5 18. Rxe5 Rxe5 19. Bxf7 R8e7 20.
Bxe5 Rxe5 21. Rf1 g6 22. Bc4 b5 23. Bg8 h5 24. Rf2 c5 25. h3 Kc7 26. Bf7 Re7
27. Bd5 Kd6 28. Bf3 b4 29. Rd2+ Kc7 30. Rd5 Kb6 31. Rd6+ Kb5 32. g4 hxg4 33.
hxg4 Be4 34. Be2+ {Normal} 1-0

[Event "Rated Blitz game"]
[Site "?"]
[Date "2021.01.05"]
[Round "?"]
[White "HorstBrack"]
[Black "drdumbo"]
[Result "1-0"]
[WhiteElo "2510"]
[BlackElo "2475"]
[PlyCount "127"]
[EventDate "2021.??.??"]
[EventType "blitz"]

1. e4 e5 2. Nf3 d5 3. exd5 Bd6 4. d4 e4 5. Ne5 Nf6 6. Bb5+ c6 7. dxc6 bxc6 8.
Be2 O-O 9. O-O c5 10. c3 Qc7 11. Bf4 Nc6 12. Na3 Bxe5 13. dxe5 Nxe5 14. Bg3 Qe7
15. Nc4 Nxc4 16. Bxc4 Rd8 17. Qb3 Bb7 18. Rfe1 h6 19. h3 Rd2 20. Rad1 Rad8 21.
Rxd2 Rxd2 22. Bf4 Rd8 23. Qa3 Ba8 24. Be3 Nh5 25. Qxc5 Qxc5 26. Bxc5 Nf4 27.
Bxa7 e3 28. Rxe3 Nxg2 29. Rd3 Re8 30. Be3 Ne1 31. Rd7 Nf3+ 32. Kf1 Ne5 33. Rc7
Rd8 34. Bd4 Nxc4 35. Rxc4 Bd5 36. Ra4 Rb8 37. b3 Bf3 38. Ke1 g5 39. Kd2 Bg2 40.
h4 gxh4 41. Be5 Rd8+ 42. Ke3 h3 43. Bh2 Rd1 44. Kf4 Rh1 45. Kg3 Rd1 46. Rd4 Ra1
47. a4 Rb1 48. b4 Rb3 49. Rc4 Bf1 50. Rc5 Rb2 51. b5 h5 52. Rxh5 Ra2 53. b6
Rxa4 54. Rxh3 Bxh3 55. Kxh3 Ra3 56. Be5 Rb3 57. Bd4 Kf8 58. Kg4 Ke7 59. Kf5
Rb5+ 60. Ke4 Ke6 61. Kd3 f5 62. Kc4 Rb2 63. Kc5 Rxf2 64. Bxf2 {Normal} 1-0

[Event "Rated Blitz tournament wt8Mi5iO"]
[Site "?"]
[Date "2021.01.05"]
[Round "?"]
[White "Kingway"]
[Black "KrAKeN_1"]
[Result "0-1"]
[WhiteElo "2237"]
[BlackElo "2457"]
[PlyCount "70"]
[EventDate "2021.??.??"]
[EventType "blitz"]

1. e4 e5 2. Nf3 d5 3. exd5 e4 4. Ng1 Qxd5 5. Nc3 Qe5 6. Bc4 Nf6 7. Nge2 Bd6 8.
Ng3 h5 9. d4 exd3+ 10. Be3 h4 11. Nf1 dxc2 12. Qxc2 Bf5 13. Bd3 Be6 14. Nd2 Nc6
15. Nf3 Qh5 16. Be2 O-O-O 17. Nd4 Nxd4 18. Bxd4 Bg4 19. Bxf6 gxf6 20. O-O-O
Rhe8 21. Bxg4+ Qxg4 22. f3 Qf4+ 23. Kb1 Be5 24. Ne4 Qe3 25. Rc1 Qb6 26. Rhd1
Kb8 27. Rxd8+ Rxd8 28. g3 hxg3 29. hxg3 f5 30. Nc5 a5 31. f4 Bd4 32. Nb3 Bf6
33. Na1 a4 34. b3 a3 35. Qxf5 Qd4 {Normal} 0-1

[Event "Rated Blitz game"]
[Site "?"]
[Date "2021.01.05"]
[Round "?"]
[White "elchechereche"]
[Black "Jomajo"]
[Result "0-1"]
[WhiteElo "2535"]
[BlackElo "2571"]
[PlyCount "144"]
[EventDate "2021.??.??"]
[EventType "blitz"]

1. e4 e5 2. Nf3 d5 3. exd5 e4 4. Ne5 Qe7 5. Nc4 Nf6 6. Nc3 Bf5 7. Ne3 Bg6 8.
Bb5+ Nbd7 9. O-O a6 10. Be2 Ne5 11. d4 exd3 12. cxd3 O-O-O 13. d4 Ned7 14. Re1
h5 15. Nc4 Ne4 16. Bf4 Ndf6 17. Ne5 Nxc3 18. bxc3 Qa3 19. Nxg6 fxg6 20. c4 Bb4
21. Rf1 Ne4 22. Bf3 Rde8 23. Qb3 Rhf8 24. Be3 Qxb3 25. axb3 Nc3 26. Bd2 Rxf3
27. gxf3 Ne2+ 28. Kg2 Bxd2 29. Ra2 Bc3 30. Rd1 g5 31. Kf1 Nf4 32. Rc2 Bb4 33.
Kg1 h4 34. h3 Nxh3+ 35. Kg2 Nf4+ 36. Kh2 Be7 37. Re1 Kd7 38. Re5 Bf6 39. Rxe8
Kxe8 40. Rd2 Kd7 41. b4 b6 42. Ra2 Bxd4 43. Rxa6 Bxf2 44. Ra8 Bg3+ 45. Kh1 h3
46. Rg8 Nh5 47. Rh8 Nf6 48. Rxh3 Bd6 49. c5 bxc5 50. bxc5 Bxc5 51. Rg3 Be3 52.
Rg2 Bf4 53. Re2 Kd6 54. Re1 Nxd5 55. Rd1 c5 56. Ra1 c4 57. Ra6+ Kc5 58. Kg2 c3
59. Ra1 Nb4 60. Ra2 Nxa2 61. Kh3 Nb4 62. Kg4 Nd5 63. Kh3 Kd4 64. Kg2 Ke3 65.
Kh3 Kf2 66. Kg4 Kg2 67. Kh5 Ne3 68. Kg6 Kxf3 69. Kh5 g4 70. Kg6 g3 71. Kh7 g5
72. Kg8 g4 {Time forfeit} 0-1

[Event "Rated Blitz game"]
[Site "?"]
[Date "2021.01.05"]
[Round "?"]
[White "StoreySniper"]
[Black "geptil"]
[Result "0-1"]
[WhiteElo "2427"]
[BlackElo "2346"]
[PlyCount "86"]
[EventDate "2021.??.??"]
[EventType "blitz"]

1. e4 e5 2. Nf3 d5 3. Nxe5 Bd6 4. d4 dxe4 5. Nc4 Nf6 6. Nxd6+ Qxd6 7. Be3 Qb4+
8. Nd2 Qxb2 9. Bc4 Bg4 10. Qb1 Qxb1+ 11. Rxb1 b6 12. Nxe4 Nbd7 13. Nxf6+ Nxf6
14. Bg5 O-O-O 15. Bxf6 Rhe8+ 16. Kd2 gxf6 17. c3 c5 18. Bxf7 Re7 19. Bc4 cxd4
20. cxd4 Rxd4+ 21. Bd3 Red7 22. Rbc1+ Kd8 23. Rc3 Bf5 24. Rhc1 Rxd3+ 25. Rxd3
Rxd3+ 26. Ke2 Rd7 27. f3 Be6 28. a3 Rc7 29. Rd1+ Ke7 30. Rd2 Rc3 31. g4 Rxa3
32. Rc2 Kd6 33. Rd2+ Bd5 34. f4 Rh3 35. Kd1 a5 36. Rb2 Rb3 37. Rd2 a4 38. g5
fxg5 39. f5 a3 40. f6 Rb2 41. Rd3 a2 42. Ra3 Rb1+ 43. Kd2 a1=Q {Normal} 0-1

[Event "Rated Blitz game"]
[Site "?"]
[Date "2021.01.05"]
[Round "?"]
[White "JoeAssaad"]
[Black "gameoverbro"]
[Result "0-1"]
[WhiteElo "2468"]
[BlackElo "2487"]
[PlyCount "80"]
[EventDate "2021.??.??"]
[EventType "blitz"]

1. e4 e5 2. Nf3 d5 3. Nxe5 dxe4 4. Nc3 Qd4 5. Nc4 Nf6 6. h3 Bf5 7. d3 exd3 8.
Bxd3 Bxd3 9. cxd3 Nc6 10. O-O O-O-O 11. Qa4 Qxd3 12. Rd1 Qf5 13. Rxd8+ Kxd8 14.
Be3 a6 15. a3 Bc5 16. b4 Bxe3 17. Nxe3 Qe5 18. Rc1 Nd4 19. b5 Nxb5 20. Nxb5
Qxb5 21. Qd4+ Kc8 22. Qa7 Re8 23. Rd1 c6 24. g4 Kc7 25. Qd4 Qe5 26. Qa7 h5 27.
Nc4 Qe7 28. Qb6+ Kb8 29. Nd6 Rd8 30. Qc5 Ne8 31. Qb6 Rxd6 32. Rb1 hxg4 33. hxg4
Qd7 34. Qb4 Rd1+ 35. Rxd1 Qxd1+ 36. Kg2 Qd5+ 37. Kg1 Qd6 38. Qc4 Qd1+ 39. Kg2
Qd5+ 40. Kg1 Qxc4 {Normal} 0-1

[Event "Rated Blitz game"]
[Site "?"]
[Date "2021.01.05"]
[Round "?"]
[White "vogelj"]
[Black "Kovalchuk94"]
[Result "0-1"]
[WhiteElo "2389"]
[BlackElo "2533"]
[PlyCount "146"]
[EventDate "2021.??.??"]
[EventType "blitz"]

1. e4 e5 2. Nf3 d5 3. Nxe5 Bd6 4. d4 dxe4 5. Nc4 Nf6 6. Be2 O-O 7. O-O Nc6 8.
c3 Bf5 9. Bg5 h6 10. Be3 Be7 11. Nbd2 Nd5 12. Qb3 Rb8 13. Rad1 Bh7 14. Ne5 Nxe5
15. dxe5 Nxe3 16. fxe3 Bc5 17. Nxe4 Bxe3+ 18. Kh1 Qe7 19. Ng3 Qxe5 20. Bc4 Bg6
21. Rde1 Qg5 22. Rf3 Bb6 23. Ref1 Qe7 24. Nf5 Qe4 25. Rf4 Qe5 26. Nh4 Be4 27.
Rxf7 Rxf7 28. Bxf7+ Kh8 29. Ng6+ Bxg6 30. Bxg6 Bc5 31. Qf7 Bd6 32. g3 Qe7 33.
Qxe7 Bxe7 34. Rf7 Bd6 35. Rd7 Rf8 36. Kg2 Kg8 37. h4 Rf6 38. h5 Rf8 39. b3 b6
40. c4 a5 41. a3 Rf6 42. b4 axb4 43. axb4 Bxb4 44. Rxc7 Bc5 45. Rc8+ Rf8 46.
Rc7 Rf6 47. Rc8+ Rf8 48. Rc7 Rf2+ 49. Kh3 Kh8 50. Rc8+ Rf8 51. Rc7 Rb8 52. Ra7
b5 53. cxb5 Bxa7 54. b6 Bxb6 55. Kg4 Rd8 56. Kf5 Rd4 57. Ke6 Rg4 58. Kf7 Rxg3
59. Ke6 Rxg6+ 60. Kf7 Rg5 61. Ke6 Rxh5 62. Kd7 Rg5 63. Kc6 Bd8 64. Kb7 Bf6 65.
Kc8 Re5 66. Kd7 h5 67. Kc8 h4 68. Kb7 h3 69. Kc7 h2 70. Kd6 h1=Q 71. Kd7 Qe4
72. Kc7 Qd4 73. Kb7 Rc5 {Time forfeit} 0-1

[Event "Rated Blitz game"]
[Site "?"]
[Date "2021.01.05"]
[Round "?"]
[White "CuckooChess"]
[Black "vrencianLehel"]
[Result "0-1"]
[WhiteElo "2403"]
[BlackElo "2420"]
[PlyCount "62"]
[EventDate "2021.??.??"]
[EventType "blitz"]

1. e4 e5 2. Nf3 d5 3. exd5 Bd6 4. d4 e4 5. Ne5 Nf6 6. c4 O-O 7. Be2 c6 8. dxc6
Nxc6 9. Nxc6 bxc6 10. h3 Bc7 11. Nc3 Re8 12. Be3 a5 13. d5 Rb8 14. dxc6 Qe7 15.
O-O Qe5 16. g3 Bxh3 17. Bf4 Qe7 18. Bxc7 Qxc7 19. Re1 e3 20. f4 Qxc6 21. Nd5
Rxb2 22. Nxf6+ gxf6 23. Qd5 Qb6 24. f5 Rd8 25. c5 Qc7 26. Qf3 Rdd2 27. g4 Qxc5
28. Rac1 Qe5 29. Qxh3 Rxe2 30. Rxe2 Rxe2 31. Qh6 Qg3+ {Normal} 0-1

[Event "Rated Blitz game"]
[Site "?"]
[Date "2021.01.05"]
[Round "?"]
[White "abo-kador125"]
[Black "Smetanov_N"]
[Result "0-1"]
[WhiteElo "2520"]
[BlackElo "2364"]
[PlyCount "52"]
[EventDate "2021.??.??"]
[EventType "blitz"]

1. e4 e5 2. Nf3 d5 3. exd5 e4 4. Qe2 Nf6 5. Nc3 Be7 6. Nxe4 Nxd5 7. c4 Nb4 8.
d4 O-O 9. a3 Re8 10. Bf4 Bf5 11. O-O-O N4c6 12. Ng3 Bg6 13. Qd2 Bf6 14. d5 Ne5
15. Nxe5 Bxe5 16. Bxe5 Rxe5 17. Bd3 Nd7 18. Bxg6 hxg6 19. Rhe1 b5 20. Rxe5 Nxe5
21. Qd4 Nxc4 22. Kb1 Nd6 23. Ne4 a5 24. Nc5 b4 25. a4 Qg5 26. g3 Qf5+ {Time
forfeit} 0-1

[Event "Rated Blitz tournament 4YnQD4Fy"]
[Site "?"]
[Date "2021.01.05"]
[Round "?"]
[White "Lynxinner"]
[Black "Aduna"]
[Result "1-0"]
[WhiteElo "2488"]
[BlackElo "2322"]
[PlyCount "87"]
[EventDate "2021.??.??"]
[EventType "blitz"]

1. e4 e5 2. Nf3 d5 3. exd5 e4 4. Nd4 Qxd5 5. Nb3 Bd6 6. Nc3 Qe5 7. d4 exd3+ 8.
Be3 dxc2 9. Qxc2 Bf5 10. Bd3 Bxd3 11. Qxd3 Nc6 12. O-O-O O-O-O 13. Rhe1 Qh5 14.
Qb5 Qxb5 15. Nxb5 a6 16. Nxd6+ cxd6 17. Bb6 Rf8 18. Rxd6 Nf6 19. Na5 Re8 20.
Red1 Re6 21. Rxe6 fxe6 22. Nxc6 bxc6 23. Rd6 Re8 24. Bd4 e5 25. Be3 Kc7 26. Rd3
Nd5 27. Bc5 e4 28. Ra3 Kb7 29. h4 Re6 30. h5 Re5 31. Rg3 Rxh5 32. Rxg7+ Kc8 33.
b4 h6 34. a4 Rg5 35. Rxg5 hxg5 36. Kc2 Kd7 37. Kb3 Ke6 38. Kc4 Ke5 39. Bd4+ Kf4
40. Kc5 g4 41. b5 axb5 42. axb5 cxb5 43. g3+ Kf3 44. Kxd5 {Normal} 1-0

[Event "Rated Blitz game"]
[Site "?"]
[Date "2021.01.05"]
[Round "?"]
[White "maksonos2005"]
[Black "Jomajo"]
[Result "0-1"]
[WhiteElo "2486"]
[BlackElo "2566"]
[PlyCount "100"]
[EventDate "2021.??.??"]
[EventType "blitz"]

1. e4 e5 2. Nf3 d5 3. Nc3 d4 4. Ne2 d3 5. cxd3 Nc6 6. d4 exd4 7. d3 Nf6 8. g3
Bb4+ 9. Bd2 a5 10. Bg2 O-O 11. O-O Re8 12. a3 Bf8 13. Rc1 h6 14. Qc2 a4 15. Kh1
Be6 16. Nfg1 Bb3 17. Qb1 Ne5 18. h3 c5 19. f4 Nc6 20. Nf3 Rc8 21. g4 Nd7 22.
Ng3 g6 23. e5 Bg7 24. Ne4 Rf8 25. Nxc5 Nxc5 26. Rxc5 Ne7 27. Rxc8 Nxc8 28. Bb4
Re8 29. Nd2 Bd5 30. Be4 Ne7 31. Bxe7 Rxe7 32. Qd1 b5 33. Qf3 Rd7 34. Rc1 Bxe4
35. Nxe4 Qb8 36. Nd6 Rc7 37. Rxc7 Qxc7 38. Qd5 Bf8 39. Qxd4 Qc1+ 40. Kg2 Qd2+
41. Kg3 Qe1+ 42. Qf2 Qd1 43. Ne4 Be7 44. Nd2 Qc2 45. Nf3 Qxd3 46. Qd4 Qe2 47.
Qd2 Qf1 48. Qd7 Bc5 49. Qc8+ Bf8 50. Qc5 Bxc5 {Normal} 0-1

[Event "Rated Blitz game"]
[Site "?"]
[Date "2021.01.05"]
[Round "?"]
[White "Damchess123"]
[Black "Jomajo"]
[Result "0-1"]
[WhiteElo "2398"]
[BlackElo "2560"]
[PlyCount "82"]
[EventDate "2021.??.??"]
[EventType "blitz"]

1. e4 e5 2. Nf3 d5 3. exd5 e4 4. Qe2 Qe7 5. Nd4 Qe5 6. Nb5 a6 7. d4 Qe7 8. N5c3
f5 9. f3 Nf6 10. Nd2 e3 11. Nc4 f4 12. Ne5 Nbd7 13. Nxd7 Bxd7 14. Qc4 Bf5 15.
Bd3 Bxd3 16. Qxd3 O-O-O 17. Qc4 g5 18. b3 Qb4 19. Bb2 Qa5 20. O-O-O Bb4 21. d6
Rxd6 22. d5 Rhd8 23. Rd3 Bxc3 24. Bxc3 Qxa2 25. Rhd1 Qa3+ 26. Kb1 e2 27. Bb4
Qxb4 28. Qxb4 Nxd5 29. Qe4 Nc3+ 30. Rxc3 exd1=R+ 31. Kb2 R1d5 32. Qxh7 R6d7 33.
Qe4 Kb8 34. Qc4 c6 35. Qb4 Rb5 36. Qc4 Rdd5 37. Qe4 Re5 38. Qg6 Rbd5 39. Qf7
R8d7 40. Qf8+ Ka7 41. Qb4 Rb5 {Time forfeit} 0-1

[Event "Rated Blitz game"]
[Site "?"]
[Date "2021.01.05"]
[Round "?"]
[White "Starazagora"]
[Black "vitalirapid83"]
[Result "1/2-1/2"]
[WhiteElo "2368"]
[BlackElo "2417"]
[PlyCount "105"]
[EventDate "2021.??.??"]
[EventType "blitz"]

1. e4 e5 2. Nf3 d5 3. exd5 e4 4. Nd4 Qxd5 5. Nb3 Nf6 6. Nc3 Qd8 7. d4 exd3 8.
Bxd3 Bd6 9. O-O O-O 10. Bg5 h6 11. Bh4 Nbd7 12. Nb5 Ne5 13. Nxd6 Qxd6 14. h3
Nxd3 15. Qxd3 Qxd3 16. cxd3 Nd5 17. Rfe1 c6 18. Nc5 b6 19. Ne4 Ba6 20. d4 f5
21. Nc3 g5 22. Bg3 f4 23. Bh2 Rae8 24. Nxd5 cxd5 25. f3 Kf7 26. Kf2 Rc8 27.
Rac1 Rxc1 28. Rxc1 Rc8 29. Rxc8 Bxc8 30. h4 Kg6 31. hxg5 hxg5 32. g3 Kf5 33.
gxf4 gxf4 34. Ke2 Ba6+ 35. Kf2 Bd3 36. Bg1 Bb1 37. a3 Ba2 38. Ke1 Kg5 39. Bf2
Bc4 40. Kd2 a6 41. Ke1 a5 42. Kd2 b5 43. b4 a4 44. Ke1 Kf5 45. Bh4 Bb3 46. Kf2
Bc4 47. Be7 Bb3 48. Bd6 Bc4 49. Be5 Bb3 50. Bb8 Bc4 51. Be5 Bb3 52. Bb8 Bc4 53.
Be5 {Normal} 1/2-1/2

[Event "Rated Blitz game"]
[Site "?"]
[Date "2021.01.05"]
[Round "?"]
[White "Damchess123"]
[Black "Jomajo"]
[Result "0-1"]
[WhiteElo "2399"]
[BlackElo "2558"]
[PlyCount "42"]
[EventDate "2021.??.??"]
[EventType "blitz"]

1. e4 e5 2. Nf3 d5 3. d4 dxe4 4. Nxe5 Bd6 5. Nc4 Nf6 6. Nxd6+ Qxd6 7. c3 O-O 8.
Be2 Nc6 9. Bg5 Nd5 10. O-O Qg6 11. Bh4 f5 12. Bh5 Qh6 13. c4 Nf4 14. Qd2 Nxh5
15. Bg5 Qd6 16. d5 Ne5 17. b3 h6 18. Bh4 f4 19. Nc3 Bf5 20. Rfe1 g5 21. Nxe4
Qg6 {Normal} 0-1

[Event "Rated Blitz game"]
[Site "?"]
[Date "2021.01.05"]
[Round "?"]
[White "Starazagora"]
[Black "Jomajo"]
[Result "0-1"]
[WhiteElo "2402"]
[BlackElo "2545"]
[PlyCount "122"]
[EventDate "2021.??.??"]
[EventType "blitz"]

1. e4 e5 2. Nf3 d5 3. d3 dxe4 4. dxe4 Qxd1+ 5. Kxd1 Bg4 6. Bb5+ c6 7. Be2 Nd7
8. h3 Bh5 9. Ng5 Bg6 10. f4 exf4 11. Bxf4 h6 12. Nf3 Ngf6 13. Bd3 O-O-O 14.
Nbd2 Nc5 15. Ne5 Nfxe4 16. Nxg6 fxg6 17. Nxe4 Nxe4 18. Re1 Nf2+ 19. Ke2 Nxd3
20. cxd3 Bb4 21. Red1 Rde8+ 22. Kf3 Rhf8 23. Kg3 g5 24. Bd2 Bd6+ 25. Kg4 Re2
26. Kh5 Rf6 27. Bc3 Rfe6 28. Re1 Bg3 29. Rxe2 Rxe2 30. Bxg7 Rxg2 31. Kxh6 Bf4
32. Kh5 Rg3 33. Rh1 Rxd3 34. h4 gxh4 35. Rxh4 Bd6 36. Re4 Rg3 37. Bc3 Kd7 38.
a3 Rg2 39. Kh6 c5 40. Kh5 Kc6 41. Re8 b5 42. Ra8 Kb7 43. Rd8 Bc7 44. Rd7 Kc6
45. Rf7 a5 46. Rf6+ Kd7 47. Ra6 b4 48. axb4 axb4 49. Bf6 Rg1 50. Kh6 Bf4+ 51.
Kh5 Bc1 52. b3 Be3 53. Ra7+ Ke6 54. Bg7 Kf5 55. Rf7+ Ke4 56. Re7+ Kd3 57. Rd7+
Bd4 58. Re7 Kc3 59. Bxd4+ cxd4 60. Rc7+ Kxb3 61. Rd7 Kc3 {Time forfeit} 0-1

[Event "Rated Blitz game"]
[Site "?"]
[Date "2021.01.05"]
[Round "?"]
[White "RMusil"]
[Black "Schachtrainer-Schuh"]
[Result "0-1"]
[WhiteElo "2515"]
[BlackElo "2518"]
[PlyCount "62"]
[EventDate "2021.??.??"]
[EventType "blitz"]

1. e4 e5 2. Nf3 d5 3. exd5 Bd6 4. d4 e4 5. Nfd2 Nf6 6. c4 O-O 7. Nc3 Re8 8. Be2
a6 9. O-O b5 10. c5 Bf8 11. Qb3 Bb7 12. a4 b4 13. Qxb4 Bxd5 14. a5 Nc6 15. Qa4
Rb8 16. Bxa6 Rb4 17. Qa3 Rxd4 18. Bb5 Ng4 19. Nxd5 Qxd5 20. Qc3 Rd8 21. Nb3 Rd1
22. Be3 Qh5 23. Rfxd1 Qxh2+ 24. Kf1 Nxe3+ 25. Qxe3 Qh1+ 26. Ke2 Qh5+ 27. f3
exf3+ 28. Qxf3 Qe5+ 29. Kf2 Qxb2+ 30. Kf1 Ne5 31. Qf2 Qxb3 {Time forfeit} 0-1